Dirección científica de la sociedad: experimento de investigación en sistema

Wedi'i Gadw mewn:
Manylion Llyfryddiaeth
Prif Awdur: Afanasiev, V. G (Awdur)
Fformat: Llyfr
Iaith:Sbaeneg
Cyhoeddwyd: Moscú Progreso 1970
Pynciau:
Tagiau: Ychwanegu Tag
Dim Tagiau, Byddwch y cyntaf i dagio'r cofnod hwn!

MARC

LEADER 00000nam a2200000 a 4500
001 UCR9201
003 CL-VaPUC
008 980613e19700000ru |||||||||||||||||spa|d
082 0 4 |a 320.532  |b AFA  |2 21 
100 0 |a Afanasiev, V. G  |e author  |9 411463 
245 1 0 |a Dirección científica de la sociedad: experimento de investigación en sistema 
300 |a 340 p 
942 |c BK 
945 |d 19980613 00:00:00  |a cmena 
260 |a Moscú  |b Progreso  |c 1970 
650 0 |a Partidos políticos  |9 254999 
650 0 |a Ideologías políticas   |9 255735 
650 0 |a Aspectos sociales  |9 254894 
650 0 |a Sociología política   |9 255920 
650 7 |a PARTICIPACION POLITICA  |2 CL-VaPUC  |9 411464 
650 0 |a Democracia  |9 255256 
583 |a last modification  |c 20171205 05:44:16  |k Rodrigo Vera 
999 |c 270403  |d 270401 
952 |0 0  |1 0  |4 0  |6 320_532000000000000_AFA_1970  |7 0  |8 A  |9 304681  |a BIBGIM  |b BIBGIM  |d 2019-11-20  |i 1410660  |o 320.532 AFA 1970  |p 1410660  |r 2025-01-15  |w 2019-11-20  |y BK  |k COM